| 000 | 00711nam a2200241 i 4500 | ||
|---|---|---|---|
| 001 | 12571 | ||
| 003 | ES-MaACL | ||
| 005 | 20230906150340.0 | ||
| 007 | t| | ||
| 008 | 960911s1996 sp |||| | spa j | ||
| 020 | _a84-7882-230-5 | ||
| 080 | _a807.1(07) | ||
| 245 | 0 | 0 |
_aVerba _b: ejercicios de etimología latina / _cMaría Victoria Bello Berlín ... [et al.]. |
| 250 | _a1ª ed. | ||
| 260 |
_aMadrid : _bClásicas, _c1996. |
||
| 300 |
_a76 p. ; _c30 cm. |
||
| 490 | 1 | _aInstrumenta didáctica | |
| 650 | 1 | 4 |
_aLengua latina- _xEtimología. _9169374 |
| 700 | 1 |
_aBello Berlín, María Victoria. _927239 |
|
| 830 | 0 |
_aInstrumenta didáctica _9179239 |
|
| 852 |
_aES-MaACL _jL-20463 |
||
| 999 |
_c12571 _d12571 |
||